000 00775nam a2200265 i 4500
001 107551
003 ES-MaACL
005 20250829112200.0
007 t|
008 061121s1973 sp r ||||1| spa d
020 _a84-281-0232-5
080 _a547.94
080 _a633.7
100 1 _aMoreau, Fernand.
_983207
245 1 0 _aAlcaloides y plantas alcaloideas /
_cpor Fernand Moreau ; [ taducción de Abel Mariné Font ].
250 _a1ª ed.
260 _aVilassar de Mar (Barcelona) :
_bOikos,
_c1973.
300 _a124 p. :
_bil. ;
_c18.
490 1 _a¿Qué sé? ;
_v94
650 4 _aAlcaloides.
_9135546
700 1 _aMariné Font, Abel.
_976837
830 1 _a¿Qué sé?
_v94
_9181382
852 4 _aES-MaACL
_jC-52601
999 _c107551
_d107551